LEADER 01409nam a2200265 a 4500 001 000000112436 003 CaOOAMICUS 005 20080708162406.0 008 080708s2008 it h 000 u ita r 020 $z978-88-8272-3828* 040 $aPUL$bita$dLDB 041 0 $aita$afre 100 1 $aGilson, Etienne,$d1884-1978.$0(OLS)http://pul/name/629 245 10$aCaro collega ed amico :$blettere di Étienne Gilson ad Augusto Del Noce (1964-1969), con una lettera di Augusto Del Noce a Étienne Gilson /$cintroduzione traduzione e commento di Massimo Borghesi. 260 $aSiena :$bCantagalli,$c2008. 300 $a167 p. :$bfacs. ;$c21 cm 546 $aTesto in italiano e francese. 700 1 $aBorghesi, Massimo,$d1951-$0(OLS)http://pul/name/5705 850 $aPUL 852 $aPUL$W1$xSL Religione 3$y85$m230. 092 GILET 2$j128645$qDDC 21$B127584$CPULBib$Z2$F127584 $H107826 $82 852 $aPUL$W1$xDP2 Religione 3$y114$m230. 092 GILET 2B$j194421$b2. copia$qDDC 21$B199540$CPULBib$Z2$F199540 $H131885 $81 941 1 $a9 996 $6020$z978-88-8272-3828*$9(OLS)http://pul/number/138345 996 $6245$aCaro collega ed amico :$blettere di Étienne Gilson ad Augusto Del Noce (1964-1969), con una lettera di Augusto Del Noce a Étienne Gilson$9(OLS)http://pul/title/141306 996 $6260$aSiena :$bCantagalli$9(OLS)http://pul/publisher/48759 LEADER 01324nam a2200313 u 4500 001 000000058815 003 CaOOAMICUS 005 20070226120731.0 008 010613s1995 it u000 u ita u 020 $a8870942104 035 $a10892558 040 $aPUL(R)$bita 100 1 $aBasti, Gianfranco,$d1954-$0(OLS)http://pul/name/2267 245 10$aFilosofia dell'uomo /$cGianfranco Basti. 260 $aBologna :$bEdizioni Studio Domenicano,$cc1995. 300 $a387 p. ;$c21 cm 490 1 $aCollana "Philosophia" ;$v21 500 $aContiene indici. 504 $aBibliografia: p. 365-372. 650 4$aUomo (filosofia).$0(OLS)http://pul/subject/436 830 0$aCollana "Philosophia" ;$v21.$0(OLS)http://pul/title/3104 850 $aPUL 852 $aPUL$W1$xSL Filosofia 2$y80$mPhil D4 9a$j76789$nBK-PRI$b $qStampati altre collocazioni$B76789$CPULBib$Z2$F76789 $81 852 $aPUL$W1$xDP2 Filosofia 2$y111$mPhil D4 9aB$j196416$nBK-PRI$b2. copia$qStampati Altre Collocazioni$B201181$CPULBib$Z2$F201181 $H131851 $81 941 1 $a10 961 $aINV: 74683 996 $6020$a8870942104$9(OLS)http://pul/number/74670 996 $6245$aFilosofia dell'uomo$9(OLS)http://pul/title/78807 996 $6260$aBologna :$bEdizioni Studio Domenicano$9(OLS)http://pul/publisher/49136